Методические рекомендации по подготовке Свода памятников истории и культуры [СССР]. Вып. 3 (Запись № 6851350)

Подробности
000 -МАРКЕР
контрольное поле 01475nam2a22002291 4500
001 - ИДЕНТИФИКАТОР ЗАПИСИ
контрольное поле rc\3608934
005 - ИДЕНТИФИКАТОР ВЕРСИИ
контрольное поле 20250610051044.0
035 ## - ДРУГИЕ СИСТЕМНЫЕ НОМЕРА
Идентификатор записи (NLR Aleph) 007711197
100 ## - ДАННЫЕ ОБЩЕЙ ОБРАБОТКИ
Данные общей обработки 20130115d1971 |||y0rusy50 ca
101 0# - ЯЗЫК РЕСУРСА
Язык текста, звукозаписи и т.д. русский
102 ## - СТРАНА ПУБЛИКАЦИИ ИЛИ ПРОИЗВОДСТВА
Страна публикации Российская Федерация
105 ## - ПОЛЕ КОДИРОВАННЫХ ДАННЫХ: ТЕКСТОВЫЕ МАТЕРИАЛЫ, МОНОГРАФИЧЕСКИЕ
Кодированные данные о монографическом текстовом документе y z |||||
200 0# - ЗАГЛАВИЕ И СВЕДЕНИЯ ОБ ОТВЕТСТВЕННОСТИ
Основное заглавие Вып. 3
210 ## - ПУБЛИКАЦИЯ, РАСПРОСТРАНЕНИЕ И ДР.
Дата издания, распространения и т.д. 1971
Место издания, распространения и т.д. Б. м.
215 ## - ФИЗИЧЕСКАЯ ХАРАКТЕРИСТИКА
Специфическое обозначение материала и объем 253 с.
461 #0 - УРОВЕНЬ НАБОРА
Встроенное поле 001rc\3608933
-- 2001#$aМетодические рекомендации по подготовке Свода памятников истории и культуры [СССР]$fРед. д-р ист. наук Л.Г. Бескровный] [и др.]$gАН СССР. Ин-т истории СССР. Ин-т археологии. Центр. совет Всерос. о-ва охраны памятников истории и культуры. М-во культуры СССР. Ин-т истории искусств. Науч.-метод. совет по охране памятников культуры. Ин-т культуры М-ва культуры РСФСР. Вып. 3$vВып. 3
Системный номер (АБИС) связанной записи 6851343
Место публикации Москва
Дата публикации 1971
Первые сведения об ответственности Ред. д-р ист. наук Л.Г. Бескровный] [и др.]
Имя издателя, распространителя и т.д. Б. и.
Заглавие Методические рекомендации по подготовке Свода памятников истории и культуры [СССР]
Номер тома Вып. 3
801 #0 - ИСТОЧНИК ЗАПИСИ
Страна Российская Федерация
Организация NLR
Правила каталогизации psbo
801 #1 - ИСТОЧНИК ЗАПИСИ
Страна Российская Федерация
Организация ELAR
Источник данных rusmarc
852 ## - МЕСТОНАХОЖДЕНИЕ И ШИФР ХРАНЕНИЯ
Идентификатор организации NLR
Шифр хранения (Call Number) 71-50К/4460
942 ## - ДОПОЛНИТЕЛЬНЫЕ ЭЛЕМЕНТЫ ЗАПИСИ (АБИС)
Тип экземпляра АБИС Книга
980 ## - КОЛЛЕКЦИЯ
Название коллекции Национальная библиография
Экземпляры
Тип экземпляра Дата поступления Библиотека постоянного хранения Библиотека текущего хранения Место хранения Шифр хранения Штрих-код Статус экземпляра
Книга 26.10.2013 РНБ (Московский) РНБ (Московский) Фонд литературы для служебного пользования 71-50К/4460 7711197-10